Statistics for Countries With More than 50 Million people

Click here to take the quiz!

General Stats

  • This quiz has been taken 56,048 times
    (25,360 since last reset)
  • The average score is 25 of 29

Answer Stats

Date Population Country % Correct
100 B.C.1,395 mChina
100%
1880328 mUnited States
99%
5001,338 mIndia
99%
1825147 mRussia
97%
189383 mGermany
97%
1949210 mBrazil
97%
194866 mUnited Kingdom
97%
196667 mFrance
97%
1969125 mMexico
95%
1911126 mJapan
94%
196060 mItaly
91%
1916265 mIndonesia
91%
198598 mEgypt
90%
200858 mSouth Africa
88%
1965193 mNigeria
88%
1964202 mPakistan
88%
198782 mIran
85%
198581 mTurkey
81%
1960165 mBangladesh
80%
198469 mThailand
80%
197795 mVietnam
79%
200384 mD.R. Congo
78%
201252 mSouth Korea
77%
1982107 mPhilippines
74%
1992108 mEthiopia
73%
201850 mColombia
72%
201751 mKenya
65%
201454 mTanzania
56%
200554 mMyanmar
55%

Score Distribution

Percentile by Number Answered

Percent of People with Each Score

Your Score History

You have not taken this quiz since the last reset